| 000 | 02027nam a2200373 a 4500 | ||
|---|---|---|---|
| 001 | 2018755 | ||
| 003 | AM-YEHGA | ||
| 005 | 20250710133152.0 | ||
| 008 | 250516s1907 gs ||||r|||||00||0|arm|d | ||
| 040 | _aAM-YEHGA | ||
| 041 | 0 | _aarm | |
| 100 | 1 | _aՀովհաննիսյան, Միքայել | |
| 245 | 1 | 0 |
_aՓիլիսօփայ սօցիոլօգ : _bՀերբերտ Սպենսեր ժամանակակից աշխարհայեցողութեան առջեւ : (Քննադատական էտիւդ) / _cՄիքայէլ Յովհաննիսեան. |
| 260 |
_aԹիֆլիս : _bտպ. Հերմէս, _c1907. |
||
| 300 | _a(5 գիրք մեկ կազմի մեջ) ; 64 էջ | ||
| 440 | 0 |
_a«Յառաջ»-ի գրադարան ; _n№ 48 |
|
| 500 | _aՇարվածքը` 16X10 սմ: | ||
| 501 | _aՄեկ կազմի մեջ՝ Գիւղացիական հարցը Ֆրանսիայում / Ս. Ան-սկիյ ։ Թիֆլիս : Տպարան «Հերմէս» ։ 1906 ; Գիւղացին եւ բանւորը / Աբրամօվա ։ Թիֆլիս : Тип. "Братство" ։ 1907 ; Խորամանկ կարգեր / Ռուսերենից թարգմանեց՝ տիկին Հրանոյշը ։ Թիֆլիս : տպ. Հերմէս ընկ․ ։ 1907 ; Նւազագոյն ծրագիրը / Լ. Շիշկօ : Թիֆլիս : տպ. Տ.Մ. Ռօտինեանցի : 1907. | ||
| 650 | 1 | 4 | _aՓիլիսոփայություն |
| 651 | 0 | 4 |
_aԹբիլիսի _96558 |
| 651 | 0 | 4 |
_aՎրաստան _96630 |
| 700 | 1 | _aԱն-սկիյ, Ս. | |
| 700 | 1 |
_aՀակոբյան, Հակոբ Մնացականի, _d1866-1937 _eթարգմ. _4trl _91222 |
|
| 700 | 1 | _aԱբրամօվա | |
| 700 | 1 |
_aՂարագ., Գր. _eթարգմ. _4trl |
|
| 700 | 1 |
_aՀրանուշ _eթարգմ. _4trl |
|
| 700 | 1 | _aՇիշկօ, Լ. | |
| 700 | 1 |
_aՅար., Մ _eթարգմ. _4trl |
|
| 740 | 0 | 2 | _aԳիւղացիական հարցը Ֆրանսիայում |
| 740 | 0 | 2 | _aԳիւղացին եւ բանւորը |
| 740 | 0 | 2 | _aԽորամանկ կարգեր |
| 740 | 0 | 2 | _aՆւազագոյն ծրագիրը |
| 942 |
_2udc _cBK |
||
| 999 |
_c534859 _d534859 |
||